| 000 | 00518nam a22001697a 4500 | ||
|---|---|---|---|
| 999 |
_c7230 _d7230 |
||
| 003 | GBCCL | ||
| 005 | 20241126110623.0 | ||
| 008 | 180719b ||||| |||| 00| 0 eng d | ||
| 040 | _cgbc | ||
| 082 |
_aVER 227.8207 _bLAL |
||
| 100 |
_aLalthanliana _912803 |
||
| 245 |
_aThessalonika thawn hnihna hrilhfiahna / _cLalthanliana |
||
| 260 |
_aUpper Chindwin, Burma: _bIndependent Church of Burma, _c1962 |
||
| 300 |
_a44 p.; _c18 cm. |
||
| 650 |
_aBible _vNew Testament _x2 Thessalonians _xCommentaries _912804 |
||
| 942 |
_2ddc _cBK |
||